[Event "45th Olympiad Budapest 2024"]
[Site "Budapest"]
[Date "2024.09.19"]
[Round "8"]
[Board "4"]
[White "Hill, Jonathan"]
[Black "Savva, Panikos"]
[Result "1/2-1/2"]
[WhiteElo "1756"]
[BlackElo "1973"]
[PlyCount "83"]
[EventDate "2024.09.11"]
[EventType "team-tourn"]
[EventRounds "11"]
[EventCountry "HUN"]
[WhiteTeam "Guernsey"]
[BlackTeam "Cyprus"]
[BlackTeamCountry "CYP"]

1. d4 Nf6 2. Nf3 c5 3. c3 cxd4 4. cxd4 g6 5. Bf4 ({RR} 5. Qb3 Bg7 6. g3 O-O 7. Bg2 Nc6 8. Nc3 Na5 9. Qb4 b6 10. Ne5 Bb7 11. Bxb7 Nxb7 12. O-O d6 13. Nf3 Qd7 14. Bg5 Rac8 15. Bxf6 Bxf6 16. Nd5 Bg7 17. Rac1 Qe6 18. Nf4 Qe4 19. Rc3 Rxc3 {0-1 Hellmayr,A (2220)-Kempinski,R (2530) Bayern-chI Bank Hofmann 1st 1997 (4)}) 5... Bg7 ({RR} 5... d6 6. e3 Bg7 7. Nc3 O-O 8. Be2 b6 9. h3 Bb7 10. O-O Nbd7 11. Rc1 Rc8 12. Bh2 a6 13. Nd2 Rc7 14. Bf3 Qa8 15. Bxb7 Qxb7 16. e4 e5 17. dxe5 dxe5 18. Nf3 Rfc8 19. Nxe5 Nxe5 20. Bxe5 {1-0 Olsen,F (2441)-Andrews,T (2133) Titled Tue 23rd Jan Late 2024 (6)}) 6. e3 O-O 7. Be2 Nc6 $146 ({RR} 7... d6 8. O-O Qb6 9. Nbd2 Bd7 10. Nc4 Qd8 11. a4 b5 12. axb5 Bxb5 13. Nfd2 Nbd7 14. Na3 Bxe2 15. Qxe2 Nb6 16. Nb5 Qd7 17. Rfc1 Rfc8 18. Rxc8+ Nxc8 19. Nc3 Nh5 20. Bg5 h6 21. Bh4 g5 22. Qxh5 {1-0 Gonzalez Lafita,O (1867)-Torres Julian,M (1723) Barcelona Sant Marti op-B 19th 2017 (5)}) ({RR} 7... d5 8. h3 Nc6 9. O-O Qb6 10. Qc1 Bd7 11. Nc3 Rac8 12. Qd2 Ne4 13. Nxd5 Nxd2 14. Nxb6 Nxf3+ 15. Bxf3 axb6 16. a3 Na5 17. b4 Nb3 18. Ra2 Bc6 19. d5 Bb5 20. Rd1 Nc1 21. Rad2 Ba4 22. Rf1 {½-½ Mieses Santos,A-Ontiveros,J (1765) Santo Domingo Autumn op 2016 (4)}) ({RR} 7... Qb6 8. Qc2 d6 9. Nbd2 Nc6 10. O-O Bf5 11. Qb3 Qxb3 12. Nxb3 Nb4 13. a3 Nbd5 14. Bg5 Ne4 15. Nbd2 Nxg5 16. Nxg5 Rac8 17. Rac1 h6 18. Ngf3 g5 19. g3 Bg4 20. Rfe1 f5 21. Kg2 f4 22. Ne4 {1-0 Clausen,H (1576)-Skovvart,N (1686) Sonderjysk-ch B 2013 (6)}) 8. O-O Nh5 9. Bg3 Nxg3 10. hxg3 d6 11. Nc3 Bg4 12. Rc1 Qa5 13. a3 Qh5 14. b4 a6 15. Qd2 e5 16. d5 Na7 17. a4 f5 18. Nh2 Bxe2 19. Nxe2 Rac8 20. Rfd1 g5 21. g4 fxg4 22. Ng3 Qg6 23. Nxg4 h5 24. Nh2 h4 25. Nh1 Qe4 26. f3 Qf5 27. e4 Qg6 28. Ng4 h3 29. Ng3 hxg2 30. Qxg2 Qe8 31. Qa2 Rxf3 32. Kg2 Rfc3 33. Qd2 Qxa4 34. Qxg5 Rxc1 35. Nf6+ Kf7 36. Ngh5 Bxf6 37. Qxf6+ Ke8 38. Qe6+ Kd8 39. Qf6+ Kd7 40. Qe6+ Kd8 41. Qf6+ Kd7 42. Qe6+ 1/2-1/2

[Event "45th Olympiad Budapest 2024"]
[Site "Budapest"]
[Date "2024.09.19"]
[Round "8"]
[Board "1"]
[White "Allam, Mohamed"]
[Black "Asante, Debesai Zerabruk"]
[Result "1-0"]
[WhiteElo "2053"]
[BlackElo "1908"]
[PlyCount "73"]
[EventDate "2024.09.11"]
[EventType "team-tourn"]
[EventRounds "11"]
[EventCountry "HUN"]
[WhiteTeam "Palestine"]
[BlackTeam "Eritrea"]
[WhiteTeamCountry "PLE"]
[BlackTeamCountry "ERI"]

1. d4 Nf6 2. Nc3 d5 3. Bf4 c5 4. e4 e6 5. exd5 Nxd5 6. Nxd5 Qxd5 7. Nf3 Nc6 8. dxc5 Qxd1+ 9. Rxd1 Bxc5 10. Bb5 Bd7 11. Ke2 ({RR} 11. Bd6 Bxd6 12. Rxd6 Ke7 13. Rd2 Rhd8 14. Ke2 Be8 15. Rhd1 f6 16. Bxc6 Bxc6 17. Rxd8 Rxd8 18. Rxd8 Kxd8 19. Nd4 Kd7 20. Nxc6 Kxc6 21. Kd3 e5 22. c4 a5 23. b3 f5 24. a3 g5 25. g4 fxg4 {1-0 Haug,H (2306)-Bilan,D (2303) Titled Tue 18th Jun Early 2024 (10)}) 11... Ke7 $146 ({RR} 11... a6 12. Ba4 Ke7 13. Rxd7+ Kxd7 14. Ne5+ Ke7 15. Bxc6 bxc6 16. Rd1 f6 17. Nxc6+ Ke8 18. b4 Rc8 19. bxc5 Rxc6 20. Rb1 Kf7 21. Bd6 Rhc8 22. Rb7+ Kg6 23. c4 Rxc5 24. Bxc5 Rxc5 25. Kd3 e5 26. f3 {1-0 Kilic,E (2414)-Lymar,V (2109) Titled Tue 30th May Early 2023 (3)}) 12. c3 a5 13. Rd2 Rhd8 14. Rhd1 Be8 15. Be3 Bxe3 16. Kxe3 f6 17. a4 Rxd2 18. Rxd2 Rc8 19. Kd3 Rd8+ 20. Kc4 Rc8 21. Kc5 Ne5+ 22. Kb6 Bxb5 23. Kxb5 Nc4 24. Re2 Kd6 25. b4 Na3+ 26. Kxa5 Rxc3 27. Kb6 Rb3 28. b5 Rb4 29. Rd2+ Ke7 30. Rd4 Rb2 31. Kxb7 Nxb5 32. axb5 Rxb5+ 33. Kc6 Rb1 34. Rd7+ Kf8 35. Nd4 Re1 36. Kd6 Rd1 37. Kxe6 1-0

[Event "45th Olympiad Budapest 2024"]
[Site "Budapest"]
[Date "2024.09.19"]
[Round "8"]
[Board "2"]
[White "Kibrom, Weldegebriel Beraki"]
[Black "Seder, Mohammed"]
[Result "1-0"]
[WhiteElo "1885"]
[BlackElo "2116"]
[PlyCount "129"]
[EventDate "2024.09.11"]
[EventType "team-tourn"]
[EventRounds "11"]
[EventCountry "HUN"]
[WhiteTeam "Eritrea"]
[BlackTeam "Palestine"]
[WhiteTeamCountry "ERI"]
[BlackTeamCountry "PLE"]

1. d4 Nf6 2. c4 e6 3. Nc3 Bb4 4. Qc2 c5 5. dxc5 Na6 6. g3 Nxc5 7. Bg2 O-O 8. a3 ({RR} 8. Bd2 d5 9. cxd5 exd5 10. Nxd5 Nxd5 11. Bxb4 Nxb4 12. Qxc5 Qb6 13. Qxb6 axb6 14. Be4 Re8 15. Bb1 Be6 16. Nf3 Bd5 17. Kf1 Rac8 18. e4 Bxe4 19. Bxe4 Rxe4 20. Rd1 Nxa2 21. Rd7 h6 22. Nd4 Rc4 {0-1 Arencibia Rodriguez,W (2521)-Nyysti,S (2410) Olympiad-35 Bled 2002 (13.4)}) 8... Bxc3+ 9. Qxc3 d6 $146 ({RR} 9... Nce4 10. Qc2 d5 11. b3 Bd7 12. Bb2 Qa5+ 13. b4 Qa4 14. Qxa4 Bxa4 15. cxd5 exd5 16. Nf3 Rfc8 17. Nd4 Rc4 18. O-O a5 19. bxa5 Rxa5 20. Rac1 Rac5 21. e3 Nc3 22. h4 Rc7 23. Bxc3 Rxc3 24. Rxc3 {½-½ Kumar,S (1968)-Melikhov,E (2269) ECTCC Open 2023 (3.37)}) ({RR} 9... d5 10. Nf3 a5 11. O-O a4 12. Be3 b6 13. Rad1 Ba6 14. Nd2 Rc8 15. Rfe1 Qe7 16. Qb4 Rfd8 17. Bg5 h6 18. Bxf6 Qxf6 19. cxd5 exd5 20. Nf3 Bc4 21. Nd4 Nb3 22. Nxb3 Bxb3 23. Rd2 Rc4 24. Qb5 {½-½ Boller,G (2030)-Jurek,J (2415) Klatovy op-A 1997}) ({RR} 9... d5 10. cxd5 Nce4 11. Qd4 exd5 12. Nf3 b6 13. O-O Ba6 14. Re1 Rc8 15. Be3 Ng4 16. Nd2 Nxe3 17. Qxe3 Nf6 18. Qb3 Re8 19. Bf3 Qd7 20. Rad1 Bb5 21. Ra1 Ba4 22. Qb4 Bc2 23. Qd4 h6 24. Rac1 {0-1 Zhang,D-Mascarinas,R (2345) CHN-PHI m Batulao 1977 (7.3)}) 10. Bf4 e5 11. Be3 Qc7 12. Nf3 Ng4 13. Nd2 Bd7 14. O-O Rac8 15. Bxc5 dxc5 16. Rfd1 h5 17. Ne4 Bc6 18. h3 Bxe4 19. Bxe4 Nf6 20. Bd5 Qe7 21. e4 h4 22. g4 Nh7 23. Qe3 Rcd8 24. Rd3 Rfe8 25. Rad1 Nf8 26. Qf3 Rd7 27. Qf5 g6 28. Qf3 Red8 29. Qe3 g5 30. Qf3 Kg7 31. Qf5 Rd6 32. Rf3 R8d7 33. Rb3 Ng6 34. Qf3 Nf4 35. Qe3 Ne6 36. Rb5 b6 37. b4 cxb4 38. Rxb4 Rc7 39. Rd3 Nd4 40. Rxd4 exd4 41. Qxd4+ f6 42. Rb3 Qe5 43. Qe3 Rc5 44. Kg2 Kf8 45. Qf3 Rc7 46. Qd3 Rc5 47. Qf3 Rd8 48. Qd3 Ke7 49. Qf3 Rb8 50. Qe2 Kf8 51. Qe3 Kg7 52. Qd3 Rh8 53. Qe2 Kf8 54. Rf3 Ke8 55. Rf5 Qe7 56. e5 Rf8 57. Qb2 Kd8 58. exf6 Qd6 59. f7 Kc7 60. Rf6 Qe7 61. Re6 Qxf7 62. Qe5+ Kc8 63. Rc6+ Rxc6 64. Bxf7 Rd8 65. Be6+ 1-0

[Event "45th Olympiad Budapest 2024"]
[Site "Budapest"]
[Date "2024.09.19"]
[Round "8"]
[Board "3"]
[White "Abdel Wahab, Ahmad"]
[Black "Lilay, Weldu Gebru"]
[Result "1-0"]
[WhiteElo "1995"]
[BlackElo "1977"]
[PlyCount "55"]
[EventDate "2024.09.11"]
[EventType "team-tourn"]
[EventRounds "11"]
[EventCountry "HUN"]
[WhiteTeam "Palestine"]
[BlackTeam "Eritrea"]
[WhiteTeamCountry "PLE"]
[BlackTeamCountry "ERI"]

1. d4 Nf6 2. c4 e6 3. Nc3 c5 4. d5 d6 5. e4 Na6 6. h3 Be7 7. Nf3 Bd7 8. Be2 e5 9. a3 $146 ({RR} 9. O-O Nc7 10. a4 Na6 11. Ne1 Nb4 12. f4 Qc7 13. fxe5 dxe5 14. Bg5 a6 15. Qd2 O-O-O 16. Nc2 h6 17. d6 Qxd6 18. Qxd6 Bxd6 19. Bxf6 gxf6 20. Ne3 Be6 21. Bg4 Be7 22. Ncd5 Nxd5 23. Nxd5 Bxg4 {0-1 Gerasimov,A (1457)-Maslov,A (2063) Zelenograd-ch 2016 (11)}) ({RR} 9. O-O O-O 10. Be3 Nc7 11. Nxe5 dxe5 12. d6 Ne6 13. dxe7 Qxe7 14. f3 h6 15. Qe1 Nd4 16. Rc1 Rac8 17. Qg3 Nh5 18. Qf2 Be6 19. Bd3 Qf6 20. Bxd4 cxd4 21. Ne2 Nf4 22. Nxf4 Qxf4 23. g3 Qf6 {0-1 Meszaros,L (2096)-Daniel,J (1946) CZE-chT2C 1617 2016 (9.5)}) 9... h6 10. O-O Qc8 11. Nh2 g5 12. Kh1 Nc7 13. a4 Na6 14. Ra3 Nb4 15. Ng4 h5 16. Nxf6+ Bxf6 17. Nb5 Ke7 18. Rf3 Qb8 19. h4 g4 20. Rxf6 Kxf6 21. f4 Kg6 22. fxe5 dxe5 23. Bg5 f5 24. exf5+ Bxf5 25. Rxf5 Kxf5 26. Qf1+ Kg6 27. Qf6+ Kh7 28. Qf7# 1-0

[Event "45th Olympiad Budapest 2024"]
[Site "Budapest"]
[Date "2024.09.19"]
[Round "8"]
[Board "4"]
[White "Samuel, Merhawi Gebrehiwet"]
[Black "Miswadah, Baha"]
[Result "0-1"]
[WhiteElo "1788"]
[BlackElo "1957"]
[PlyCount "116"]
[EventDate "2024.09.11"]
[EventType "team-tourn"]
[EventRounds "11"]
[EventCountry "HUN"]
[WhiteTeam "Eritrea"]
[BlackTeam "Palestine"]
[WhiteTeamCountry "ERI"]
[BlackTeamCountry "PLE"]

1. Nf3 Nf6 2. d4 d5 3. c4 c6 4. b3 Bf5 5. Bb2 e6 6. e3 Bb4+ 7. Nbd2 Nbd7 $146 ({RR} 7... Ne4 8. a3 Nxd2 9. axb4 Nxf1 10. Kxf1 Nd7 11. Ba3 b5 12. Qe2 a6 13. Nd2 Nf6 14. f3 Bg6 15. Kf2 O-O 16. Bb2 Qd6 17. Bc3 Rfd8 18. Ra5 Ra7 19. Nf1 Rda8 20. Ng3 Nh5 21. Nxh5 Bxh5 22. g4 {1-0 Bango,L (2100)-Franko,O (1703) SVK-ch U14 Liptovsky Mikulas 2016 (5)}) 8. a3 Bd6 9. Be2 Ne4 10. Nxe4 Bxe4 11. Bd3 Bg6 12. Qe2 Nf6 13. Nd2 Bxd3 14. Qxd3 O-O 15. c5 Bc7 16. f4 b6 17. b4 a5 18. O-O b5 19. Bc3 Qe7 20. Rfb1 Ra7 21. g3 Rfa8 22. e4 dxe4 23. Nxe4 Nd5 24. Ng5 g6 25. Ne4 axb4 26. axb4 Rxa1 27. Rxa1 Rxa1+ 28. Bxa1 Nxb4 29. Qa3 Nd5 30. Qa8+ Qd8 31. Qxc6 b4 32. Bb2 h6 33. Kg2 Ne3+ 34. Kf3 Nc4 35. Ba1 b3 36. Qb5 Qd5 37. Kf2 Qxe4 38. Qxc4 Ba5 39. Qa4 Qc2+ 40. Kf3 b2 41. Qxc2 bxa1=Q 42. c6 Bc7 43. Qc4 Qh1+ 44. Kf2 Qxh2+ 45. Kf3 Qh5+ 46. Ke3 Qh3 47. Kf2 Qh2+ 48. Kf3 Qh1+ 49. Ke3 Qg2 50. Qa6 Qxg3+ 51. Ke2 Qxf4 52. Qc8+ Kg7 53. Qd7 h5 54. d5 exd5 55. Kd3 Qc4+ 56. Kd2 Bf4+ 57. Ke1 Qe4+ 58. Kd1 Qd3+ 0-1

[Event "45th Olympiad Budapest 2024"]
[Site "Budapest"]
[Date "2024.09.19"]
[Round "8"]
[Board "1"]
[White "Muhammed, Shuaau"]
[Black "Kigigha, Bomo Lovet"]
[Result "1/2-1/2"]
[WhiteElo "2052"]
[BlackElo "2217"]
[PlyCount "175"]
[EventDate "2024.09.11"]
[EventType "team-tourn"]
[EventRounds "11"]
[EventCountry "HUN"]
[WhiteTeam "Maldives"]
[BlackTeam "Nigeria"]
[WhiteTeamCountry "MDV"]
[BlackTeamCountry "NGR"]

1. e4 Nf6 2. e5 Nd5 3. d4 d6 4. exd6 exd6 5. Nf3 Be7 6. Bc4 Nb6 7. Bd3 Bg4 ({RR} 7... O-O 8. O-O c5 9. c3 Nc6 10. dxc5 dxc5 11. Qc2 h6 12. Nbd2 Be6 13. Re1 Qc7 14. Nf1 Rad8 15. Ng3 Rfe8 16. Bh7+ Kh8 17. Bf5 Bd5 18. Be4 Bd6 19. Bxd5 Rxe1+ 20. Nxe1 Nxd5 21. Nf3 Bxg3 22. hxg3 {1-0 Kamsky,G (2623)-Bortnyk,O (2608) Titled Tue 30th Jan Late 2024 (5)}) 8. h3 $146 ({RR} 8. Nbd2 O-O 9. O-O Nc6 10. c3 d5 11. Re1 Bd6 12. Qc2 h6 13. h3 Bd7 14. Ne5 Qf6 15. Nxd7 Nxd7 16. Nf1 Rfe8 17. Bd2 Ne7 18. Re3 Nf8 19. Rf3 Qe6 20. Re1 Qd7 21. Ne3 c6 22. Rd1 Nfg6 {½-½ Leite Oralova,C (2140)-Morais,V (2154) Lisbon-ch fin 2002 (3)}) 8... Bh5 9. Nbd2 Nc6 10. c3 O-O 11. O-O Nd5 12. Ne4 Nf6 13. Ng3 Bg6 14. Bxg6 hxg6 15. d5 Ne5 16. Re1 Ned7 17. c4 Re8 18. Be3 Bf8 19. b4 c6 20. dxc6 bxc6 21. b5 cxb5 22. cxb5 Qa5 23. a4 a6 24. Rb1 Nc5 25. Nd4 Qxa4 26. Qxa4 Nxa4 27. b6 Nc5 28. Nc6 Nb7 29. Bd4 Nd7 30. Rxe8 Rxe8 31. Ra1 Ra8 32. Ne2 d5 33. Na5 Ndc5 34. Bxc5 Nxc5 35. Rb1 Nd7 36. Nd4 Nxb6 37. Rxb6 Bc5 38. Rb3 Bxd4 39. Rd3 Bb6 40. Rxd5 Bxa5 41. Rxa5 Kf8 42. Kf1 Ke7 43. Ke2 Kd6 44. Kd3 Kc6 45. Kc4 Kb6 46. Re5 a5 47. Kb3 Rc8 48. h4 Rc5 49. Re4 Kc6 50. g4 Kd6 51. f3 Re5 52. Rd4+ Rd5 53. Rf4 Rb5+ 54. Kc3 f5 55. Ra4 Kc6 56. Ra1 Rc5+ 57. Kd4 Kb6 58. Rb1+ Rb5 59. Rg1 fxg4 60. fxg4 a4 61. Kc3 Rb3+ 62. Kc2 Rb4 63. h5 g5 64. Re1 Rxg4 65. Re6+ Kb5 66. Rg6 Kb4 67. Rxg7 Rg2+ 68. Kb1 Kb3 69. Rb7+ Ka3 70. h6 Rg1+ 71. Kc2 Rh1 72. h7 Rh5 73. Rg7 Ka2 74. Kc1 a3 75. Rxg5 Rh1+ 76. Kc2 Rxh7 77. Rc5 Rh2+ 78. Kc1 Ka1 79. Rc8 Rh1+ 80. Kc2 Rb1 81. Rc7 Ka2 82. Rc8 Rb7 83. Kc1 Rb2 84. Rc7 Ka1 85. Rc8 Rg2 86. Rc7 Rg1+ 87. Kc2 a2 88. Rc8 1/2-1/2

[Event "45th Olympiad Budapest 2024"]
[Site "Budapest"]
[Date "2024.09.19"]
[Round "8"]
[Board "2"]
[White "Osunfuyi, Abimbola"]
[Black "Mohamed, Hassan"]
[Result "1/2-1/2"]
[WhiteElo "2164"]
[BlackElo "1880"]
[PlyCount "123"]
[EventDate "2024.09.11"]
[EventType "team-tourn"]
[EventRounds "11"]
[EventCountry "HUN"]
[WhiteTeam "Nigeria"]
[BlackTeam "Maldives"]
[WhiteTeamCountry "NGR"]
[BlackTeamCountry "MDV"]

1. Nf3 e6 2. c4 b6 3. g3 Bb7 4. Bg2 Nf6 5. O-O Be7 6. d4 O-O 7. Nc3 d6 8. d5 e5 9. Ne1 ({RR} 9. Rb1 Nbd7 10. b4 Ne8 11. e4 g6 12. Bh6 Ng7 13. Re1 Bc8 14. Qd2 Nf6 15. h3 Kh8 16. Nh2 Ng8 17. Bxg7+ Kxg7 18. f4 f6 19. Nf1 Nh6 20. Ne3 Bd7 21. Rf1 a6 22. f5 g5 23. Rfc1 Nf7 {1-0 Ikonnikov,V (2543)-Heinzel,O (2402) BL2-Sued 0405 2004 (5.1)}) ({RR} 9. Rb1 Nbd7 10. Ne1 h6 11. e4 Nh7 12. Nd3 f5 13. exf5 Rxf5 14. f4 exf4 15. Bh3 Rf6 16. Ne4 fxg3 17. Nxf6+ Bxf6 18. hxg3 Ndf8 19. Re1 Bc8 20. Bxc8 Qxc8 21. Kg2 Ng5 22. Bxg5 Bxg5 23. Qf3 Qd7 {1-0 Huang,Y (2048)-Li,A (1926) Toronto Open Crown 2024 (6.4)}) 9... c6 10. Nd3 a5 $146 ({RR} 10... cxd5 11. Nb4 Qc7 12. Nbxd5 Nxd5 13. Nxd5 Bxd5 14. Bxd5 Nc6 15. e3 Rac8 16. b3 Bg5 17. Ba3 Rcd8 18. Qh5 Bf6 19. Be4 g6 20. Qf3 Bg7 21. Bxc6 e4 22. Qxe4 Bxa1 23. Rxa1 Rc8 24. Bd5 Rce8 25. Qd4 {1-0 Rabadan Velasco,R (2281)-Mansilla Tolosa,L (2037) ESP-ch Student 2007 (1)}) 11. Be3 cxd5 12. cxd5 Ng4 13. Bd2 f5 14. Qb3 Nd7 15. Rac1 Ba6 16. Nb5 Bxb5 17. Qxb5 Nc5 18. a3 h5 19. b4 Nb3 20. Rcd1 Nd4 21. Qc4 Nxe2+ 22. Kh1 Nd4 23. h3 Rc8 24. Qa2 Rc2 25. Qb1 Nh6 26. Bxh6 gxh6 27. Nxe5 dxe5 28. Rxd4 exd4 29. Qxc2 axb4 30. axb4 Bxb4 31. Qd1 Bc5 32. Qxh5 Qg5 33. Qe2 Qg6 34. Re1 Rf6 35. Qb5 h5 36. Qd7 d3 37. Re8+ Rf8 38. Re6 Qh7 39. Qb5 Bxf2 40. Qxd3 Qg7 41. d6 Bxg3 42. Bd5 Kh8 43. Qd2 f4 44. Qe2 f3 45. Bxf3 Bf4 46. Bxh5 Qa1+ 47. Kg2 Qa8+ 48. Re4 Bxd6 49. Qb2+ Kh7 50. Bf3 Qd8 51. Rg4 Qf6 52. Qf2 Be7 53. Qe2 Rg8 54. Qe4+ Kh8 55. Be2 Rxg4+ 56. hxg4 Bc5 57. Bf3 Kg7 58. Qb7+ Qe7 59. Qxe7+ Bxe7 60. Be2 Kf6 61. Kf3 Kg5 62. Ke4 1/2-1/2

[Event "45th Olympiad Budapest 2024"]
[Site "Budapest"]
[Date "2024.09.19"]
[Round "8"]
[Board "3"]
[White "Hussain, Nimal"]
[Black "Ofowino, Toritsemuwa"]
[Result "0-1"]
[WhiteElo "1805"]
[BlackElo "2020"]
[PlyCount "134"]
[EventDate "2024.09.11"]
[EventType "team-tourn"]
[EventRounds "11"]
[EventCountry "HUN"]
[WhiteTeam "Maldives"]
[BlackTeam "Nigeria"]
[WhiteTeamCountry "MDV"]
[BlackTeamCountry "NGR"]

1. d4 Nf6 2. c4 c6 3. Nc3 d5 4. cxd5 cxd5 5. Bf4 Nc6 6. e3 a6 7. Bd3 Bg4 8. Qb3 Na5 9. Qc2 ({RR} 9. Qa4+ Bd7 10. Qc2 Rc8 11. Nf3 e6 12. O-O Be7 13. Ne5 b5 14. Qe2 Nc4 15. Rac1 O-O 16. Bg5 h6 17. Bh4 Ne8 18. Bxe7 Qxe7 19. b3 Nxe5 20. dxe5 Nc7 21. Qg4 b4 22. Na4 Bb5 23. Nc5 a5 {0-1 Cardoso Cardoso,J (2460)-Caruana,F (2781) Titled Tuesday intern op 08th Mar Late blitz 2022 (6)}) 9... e6 10. h3 Bh5 11. Nge2 ({RR} 11. Rc1 Be7 12. Nf3 O-O 13. Ne5 Rc8 14. O-O Bg6 15. Nxg6 hxg6 16. Qe2 b5 17. f3 Nc4 18. Bb1 Qb6 19. Rcd1 Nh5 20. Bh2 Bh4 21. e4 Ng3 22. Bxg3 Bxg3 23. e5 Bxe5 24. Qf2 Bf6 25. Kh1 Qa5 {0-1 Al-Blooshi,H (2078)-Jimenez Salas,M (1987) Titled Tue 20th Aug Late 2024 (5)}) 11... Be7 $146 ({RR} 11... Bg6 12. O-O Bd6 13. Bxd6 Qxd6 14. Nf4 Nc6 15. a3 e5 16. dxe5 Nxe5 17. Qa4+ Kf8 18. Bxg6 Nxg6 19. Nfe2 Rd8 20. Rfd1 h5 21. Rd4 Ne7 22. Rad1 Nf5 23. R4d2 b5 24. Qb3 Qe5 25. Qb4+ Kg8 26. Qf4 {1-0 Pinto,C (2118)-Macedo,A (1874) Natal Regiion-ch sf 2017 (2)}) 12. O-O O-O 13. Rfc1 Rc8 14. Bg5 Bg6 15. Bxg6 hxg6 16. Qd3 b5 17. b3 Ba3 18. Rc2 Qc7 19. Bxf6 gxf6 20. Rd2 f5 21. Rad1 Nc6 22. f4 Kg7 23. Rf1 Ne7 24. Nb1 Bd6 25. Rc1 Qb7 26. Rdc2 Rxc2 27. Rxc2 Rh8 28. Nd2 Nc6 29. Rc1 Ba3 30. Rc3 Nb4 31. Qb1 Rc8 32. Rxc8 Qxc8 33. Kf2 Qc7 34. Nf3 Nc2 35. Ne1 Nxe1 36. Kxe1 Qa5+ 37. Kd1 Bb4 38. Qc2 Qd8 39. Nc1 Qb6 40. Nd3 Bd6 41. Ke2 Qa5 42. h4 Qb6 43. Kf3 Qb7 44. g3 Qa8 45. Nc5 a5 46. Nd3 Qb7 47. Qc3 Qa8 48. Ne5 Bxe5 49. fxe5 a4 50. b4 Qh8 51. Qd3 Qh5+ 52. Kg2 Qg4 53. Qxb5 Qd1 54. Qc5 Qe2+ 55. Kh3 Qf1+ 56. Kh2 Qf2+ 57. Kh3 Qg1 58. Qc2 a3 59. Qd2 Qh1+ 60. Qh2 Qb1 61. Qf2 Qxb4 62. Qf4 Qb1 63. Qf2 Qh1+ 64. Qh2 Qe1 65. Qc2 Qxe3 66. Qc5 Qg1 67. g4 fxg4# 0-1

[Event "45th Olympiad Budapest 2024"]
[Site "Budapest"]
[Date "2024.09.19"]
[Round "8"]
[Board "4"]
[White "Quickpen, Deborah Ebimobo-Ere"]
[Black "Abdul Rahman, Ali"]
[Result "1-0"]
[WhiteElo "1918"]
[BlackElo "1844"]
[PlyCount "97"]
[EventDate "2024.09.11"]
[EventType "team-tourn"]
[EventRounds "11"]
[EventCountry "HUN"]
[WhiteTeam "Nigeria"]
[BlackTeam "Maldives"]
[WhiteTeamCountry "NGR"]
[BlackTeamCountry "MDV"]

1. c4 e6 2. g3 Nf6 3. Bg2 d5 4. Nf3 Bd6 5. O-O O-O 6. d4 c6 7. Nc3 Nbd7 8. Qc2 Re8 9. Rd1 Bb4 $146 ({RR} 9... Qe7 10. b3 b6 11. cxd5 exd5 12. Nh4 Nf8 13. Bg5 h6 14. Bxf6 Qxf6 15. e4 Bb4 16. exd5 Bxc3 17. Qxc3 Bg4 18. f3 Bd7 19. dxc6 Bxc6 20. Rac1 Rac8 21. d5 Qxc3 22. Rxc3 Bd7 23. Rxc8 Rxc8 24. f4 {½-½ Piantoni,R (2089)-Grasser,G (2005) Imperia op 29th 1987 (4.24)}) ({RR} 9... Qe7 10. b3 Rb8 11. e4 Nxe4 12. Nxe4 dxe4 13. Qxe4 e5 14. Bb2 Nf6 15. Qh4 e4 16. Re1 Bf5 17. Qg5 Bg6 18. Ne5 Ba3 19. Bc3 Bb4 20. Qd2 a5 21. c5 Bxc3 22. Qxc3 Ra8 23. Qc2 Qd8 24. Qb2 {1-0 Mareco,S (2603)-Ricardi,P (2517) Buenos Aires Duchamp Memorial 2nd 2010 (2)}) ({RR} 9... Qe7 10. Bf4 Bxf4 11. gxf4 Nh5 12. e3 Nf8 13. b3 Ng6 14. Qe2 Nh4 15. Nxh4 Qxh4 16. Bf3 g6 17. Kh1 Ng7 18. Qf1 b6 19. b4 Bb7 20. c5 Qe7 21. Rdb1 Reb8 22. Qc1 Ba6 23. Be2 Bxe2 24. Nxe2 {0-1 Lunnebach,O (2099)-Hemmert,B (2009) Mittelrhein Verbandsliga-O 16/17 2016 (10.1)}) ({RR} 9... Nf8 10. e4 Nxe4 11. Nxe4 dxe4 12. Qxe4 Ng6 13. Qe2 Bd7 14. Ng5 f6 15. Ne4 Bf8 16. h4 Qe7 17. h5 Nh8 18. Bf4 Nf7 19. Bh3 Ng5 20. Bxg5 fxg5 21. Nc5 b6 22. Nd3 e5 23. Bxd7 Qxd7 24. Nxe5 {1-0 Lopez Pereyra,M-Rivero,C Gran Canaria-chT 1989}) ({RR} 9... b6 10. e4 dxe4 11. Nxe4 Nxe4 12. Qxe4 Bb7 13. Ne5 Bxe5 14. dxe5 Qc7 15. Bf4 h6 16. Rd6 Rab8 17. Rad1 Nf8 18. c5 bxc5 19. Be3 Qa5 20. Qg4 c4 21. Qxc4 Qxe5 22. Bf4 Qxb2 23. R6d2 Qb6 24. Bxb8 {1-0 Ostergaard,B-Guindy,E (2005) Aarhus-D 1991}) 10. Nd2 Nf8 11. e4 dxe4 12. Ndxe4 Nxe4 13. Nxe4 f5 14. Ng5 Be7 15. Nf3 Bf6 16. Be3 Qc7 17. Bf4 Qe7 18. c5 Ng6 19. Bd6 Qd8 20. h4 Ne7 21. b4 Nd5 22. Rab1 Bd7 23. a4 Qc8 24. Be5 Be7 25. Nd2 b5 26. axb5 cxb5 27. Bxd5 exd5 28. Nb3 f4 29. Qa2 f3 30. Nd2 Rf8 31. Rb3 Bg4 32. Ra3 Qe6 33. Ra6 Qd7 34. Bd6 Be6 35. Bxe7 Qxe7 36. Re1 Rf6 37. Nxf3 Rxf3 38. Raxe6 Qf7 39. Re7 Qf8 40. Qxd5+ Kh8 41. Qxa8 Qxa8 42. Re8+ Rf8 43. Rxa8 Rxa8 44. c6 Kg8 45. d5 Rc8 46. Re7 a6 47. c7 Kf8 48. d6 a5 49. d7 1-0

[Event "45th Olympiad Budapest 2024"]
[Site "Budapest"]
[Date "2024.09.19"]
[Round "8"]
[Board "1"]
[White "Almedina Ortiz, Edgardo J."]
[Black "Khan, Taffin"]
[Result "1-0"]
[WhiteElo "2196"]
[BlackElo "2066"]
[PlyCount "65"]
[EventDate "2024.09.11"]
[EventType "team-tourn"]
[EventRounds "11"]
[EventCountry "HUN"]
[WhiteTeam "Puerto Rico"]
[BlackTeam "Guyana"]
[WhiteTeamCountry "PUR"]
[BlackTeamCountry "GUY"]

1. d4 d5 2. Bf4 Nf6 3. e3 c5 4. dxc5 Qa5+ 5. Nd2 Nc6 ({RR} 5... Qxc5 6. a3 Qb6 7. b4 a5 8. c4 axb4 9. axb4 Rxa1 10. Qxa1 Nc6 11. b5 Qa5 12. Qxa5 Nxa5 13. Bc7 Nxc4 14. Nxc4 dxc4 15. Bxc4 e6 16. Nf3 Ne4 17. Ke2 Bd6 {½-½ Kharlov,A (2633)-Kobalia,M (2602) Dubai op 2002 (8)}) 6. a3 Qxc5 7. Ngf3 Nh5 $146 ({RR} 7... Bg4 8. Be2 e6 9. b4 Qb6 10. c4 Be7 11. O-O O-O 12. h3 Bh5 13. c5 Qd8 14. Rc1 a6 15. Nd4 Bg6 16. Nxc6 bxc6 17. Nb3 Nd7 18. Na5 Qc8 19. Qa4 e5 20. Bh2 Bg5 21. Qxc6 Qxc6 22. Nxc6 {1-0 Matlakov,M (2691)-Aroshidze,L (2517) Titled Tuesday intern op 1st Nov 10am blitz 2016 (4)}) ({RR} 7... Bf5 8. c4 dxc4 9. Bxc4 e6 10. b4 Qb6 11. Be2 Nd5 12. Nc4 Qd8 13. Qb3 Nxf4 14. exf4 Be7 15. O-O O-O 16. Rfd1 Qc7 17. g3 Rac8 18. Rac1 a6 19. Nce5 Rfd8 20. Nxc6 Rxd1+ 21. Qxd1 bxc6 22. Bxa6 {0-1 Cuenca Jimenez,J (2472)-Portal Ramos,C (2195) Titled Tue 20th Aug Late 2024 (1)}) ({RR} 7... Qb6 8. b4 g6 9. c4 Bg7 10. Rc1 dxc4 11. Bxc4 Nh5 12. Qb3 O-O 13. Bxf7+ Rxf7 14. Ng5 e6 15. Nc4 Qd8 16. Nxf7 Kxf7 17. Nd6+ Kg8 18. Nxc8 Nxf4 19. exf4 Rxc8 20. Qxe6+ Kh8 21. O-O Qf8 22. Rfe1 {½-½ Zhou,J (2608)-Lagno,K (2549) Belt and Road Hunan op-A 2019 (7)}) ({RR} 7... Bf5 8. c4 dxc4 9. Bxc4 e6 10. Rc1 Qb6 11. Qb3 Qxb3 12. Nxb3 a6 13. Nbd4 Be4 14. O-O Be7 15. Nxc6 Bxc6 16. Ne5 Bd5 17. g4 h6 18. f3 Bxc4 19. Rxc4 Nd5 20. Kf2 O-O 21. Rfc1 Rfd8 22. Bg3 {0-1 Tejaswini,S (1873)-Drazic,S (2424) Novi Sad Hotel Sajam op 02A 2016 (6)}) 8. Nb3 Qb6 9. Qxd5 Nxf4 10. exf4 Be6 11. Qb5 Qc7 12. Ne5 a6 13. Qa4 g5 14. Nxc6 bxc6 15. fxg5 Bg7 16. Bd3 Bxb2 17. Rb1 Bc3+ 18. Kf1 Rg8 19. Be4 Rc8 20. h4 Kf8 21. Nc5 Bd5 22. Rh3 Qa5 23. Qxa5 Bxa5 24. Bxh7 Rh8 25. Bd3 Bc7 26. c4 Bd6 27. Nd7+ Ke8 28. Nb6 Be6 29. Nxc8 Bxc8 30. Rh1 Bxa3 31. Be4 c5 32. Rb8 Kd8 33. Bb7 1-0